MDQL
is popping MORE tags! Check the
thread
!
Quizzes
Events
Quiz Creation
Community
Videos
Private Events
Remove Ads
Sign In
Join for FREE
Feedback
Dark Mode
Quiz Categories
Sports
Geography
Music
Movies
Television
Just For Fun
Miscellaneous
History
Literature
Language
Science
Gaming
Entertainment
Religion
Holiday
For Kids
Quiz Lab
Recent
Popular Today
Quiz Kudos Today
Editor Picks
Curator Picks
Quizzes by...
Day
Popularity
Type
Ratings
Length
Year
Community
Subscriptions
Recent Discussions
Orange Saloon
Badges
Playlists
Quests
Create
Leaderboards
Showdown
Live 5
Trivia Bingo
Activity
Puzzle Library
Sporcle Events
Private Events
Virtual Trivia
Globe League
Become a Host
Pub Owners
SporcleCon
Opinionation
Our Games
Videos
Blog
Mobile Apps
Partnerships
Remove Ads and Go Orange
Feedback
Gaming
Video Games
Board Games
Card Games
Pokémon
Mario
Nintendo
Minecraft
Console
Toys
Legend of Zelda
Gaming
Video Games
Board Games
Card Games
Pokémon
Mario
Nintendo
Minecraft
Console
Toys
Legend of Zelda
Random Quiz
Search Sporcle
×
Quiz Lab
Quiz Lab
Gaming
Morrowind
Type in answers that appear in a list
Type in answers that appear in a list
Classic
Best Score? Go Orange.
Morrowind Trivia Stats
Can you name the various Morrowind trivia answers?
By
RareJer
15m
181 Questions
526 Plays
526 Plays
526 Plays
Comments
Comments
Give Quiz Kudos
Give Quiz Kudos
-
- Ratings
hide this ad
Replay
Link that replays current quiz
Next Quiz
Link to next quiz in quiz playlist
You Got
0%
They Got
Avg Score
57%
Avg Friend Score
Upgrade to see
Score Distribution
Jump to the score distribution portion of the page
Score
0/181
Timer
15:00
0
Plays Today
% Correct
High Elf
96.4%
Imperial
96.4%
Imperial
96.4%
Dark Elf
96%
Nord
95.1%
Wood Elf
94.9%
Argonian
93.9%
Orc
93.9%
Breton
92.2%
Redguard
91.6%
Khajiit
90.9%
Strength
88.8%
Vivec
86.1%
Intelligence
85.7%
Glass
85.7%
Balmora
85.2%
Balmora
85.2%
Endurance
84.6%
Luck
84.6%
Speed
82.9%
Daedric
82.9%
Steel
82.5%
Redoran
82.5%
The Mage
82.3%
Iron
82.3%
Dwemer
82.1%
Ebony
82.1%
Hlaalu
81.7%
Destruction
81.6%
Agility
81.4%
Dwemer
81.2%
Telvanni
81.2%
Long Blade
79.8%
Short Blade
79.7%
Ald'ruhn
79.7%
Ald'ruhn
79.7%
Willpower
78.7%
Blunt
78.7%
Light Armor
78.5%
Chitin
78.5%
Heavy Armor
78.1%
Medium Armor
77%
The Lady
76.6%
Acrobatics
76.2%
Alteration
76%
Illusion
75.5%
The Tower
75.5%
Mysticism
75.3%
Sneak
75.3%
Dagoth
75.3%
Athletics
74.9%
Personality
74.7%
Netch Leather
74.7%
Axe
74.5%
Sadrith Mora
74.3%
Sadrith Mora
74.3%
The Warrior
73.8%
Indoril
73.6%
Indoril
73.6%
Fighters Guild
73.6%
Alchemy
73.2%
% Correct
Orcish
72.6%
Mages Guild
72.6%
Conjuration
72.2%
The Atronach
71.9%
Spear
71.5%
The Thief
71.1%
Gnisis
71.1%
Gnisis
71.1%
Bonemold
70.7%
Security
70.5%
Restoration
70.2%
Seyda Neen
70%
The Steed
69.8%
Speechcraft
69.6%
Thieves Guild
69.4%
Marksman
69.2%
Silver
68.3%
The Lord
66.7%
Nordic
66%
Block
65.8%
Morag Tong
65.6%
Enchant
65.2%
Mercantile
64.6%
Unarmored
64.1%
The Serpent
63.7%
Tel Vos
63.5%
Hand-to-hand
63.3%
Moonmoth
63.1%
Ebonheart
62.9%
Dreugh
62.7%
Dark Brotherhood
61.6%
Dark Brotherhood
61.6%
Caldera
61%
Dres
60.8%
Tel Mora
60.8%
Armorer
60.6%
Vos
60.6%
The Lover
59.3%
Ashlanders
58.6%
Tel Branora
58%
Imperial Cult
57.8%
Imperial Legion
57.4%
Khuul
56.5%
The Apprentice
55.7%
Hla Oad
53.6%
Gnaar Mok
52.9%
Pelagiad
52.3%
Blades
51.7%
Molag Mar
51.3%
Tel Fyr
51.3%
Tel Aruhn
50.8%
Dagon Fel
50%
Suran
49.6%
Fort Frostmoth
48.9%
Urshilaku
48.5%
Tribunal Temple
48.5%
House Hlaalu
48.3%
House Redoran
48.3%
House Telvanni
47.9%
Maar Gan
47%
The Shadow
46.8%
% Correct
Zainab
46.8%
Dremora
46.6%
The Ritual
46.6%
Berne
46.6%
Raven Rock
46.6%
Buckmoth
46.4%
Skaal
44.9%
Ghostfence
43.5%
Fields of Kummu
43.3%
Quarra
40.9%
Ald Velothi
40.7%
Camonna Tong
39.5%
Aundae
36.9%
East Empire Company
35.6%
East Empire Company
35.6%
Ahemmusa
35.4%
House Dagoth
34.8%
Castle Karstaag
34.8%
Wolverine Hall
34.6%
Twin Lamps
33.3%
House Indoril
32.3%
Adamantium
31.9%
Bear
31.4%
Puzzle Canal
31.2%
Thirsk
31.2%
House Dres
30.6%
Darius
30.4%
Great Bazaar
30.2%
Wolf
29.8%
Stahlrim
29.5%
Skaal Village
28.7%
Royal Guard
28.5%
Royal Guard
28.5%
Godsreach
28.3%
Erabenimsun
27.4%
Koal Cave
26.2%
Palace of Vivec
24.9%
Ice
24.9%
Her Hands
23.6%
Goblin
21.1%
Royal Palace
20.5%
Vivec Temple
20.3%
Census and Excise
19.6%
Imperial Knights
18.4%
Plaza Brindisi Dorom
16.2%
Riekling
15%
Talos Cult
14.8%
Temple Courtyard
12.4%
Berne Clan
12%
Mortrag Glacier
12%
Hands of Almalexia
11.8%
Nordic Silver
11.6%
Dissident Priests
11.4%
Quarra Clan
11.2%
Nerevarine Cult
11%
Aundae Clan
10.5%
Mournhold Temple
8.4%
Nordic Mail
7%
Huntsman
7%
Quiz Playlist
Details
Report
Send in Message
Add To Playlist
Classic:
Type in answers that appear in a list
Quiz Source
Last Updated: Jul 28, 2017
Quiz Scoreboard
CHALLENGE
Sign Up to Join the Scoreboard
Show All
Scores
Hide
Comments
May contain spoilers
Recently Published
Find the 'City' Movie
by crazypaving
Movies
60s
5x2 Blitz: Bands
by SL_Kpop136
Music
30s
Colored Red Africa Blitz
by spor1
Geography
30s
More to Explore
Quiz From the Vault
Featured Blog Post
14 Easter Pick-up Lines to Find Eggs With
hide this ad
You Might Also Like...
Tags
Morrowind
Today's Top Quizzes in Gaming
Browse Gaming
hide this ad
Top Contributed Quizzes in Gaming
1
Genshin murder mystery
2
Dead By Daylight Logic Puzzle
3
Destiny 2 exotic weapons by perk icons
4
League of Legends Pro Players by Career/Team History
5
Genshin Impact Logic Puzzle
6
Overwatch 2: Ultimate Ability Icons
7
Genshin Impact Logic Puzzle Quiz II
8
Overwatch Logic Puzzle
9
Who's on the WWE 2K24 Cover?
10
5-to-1: Legend of Zelda
Explore More
Trending Topics
Anime
Disney
NBA
Kpop
Crossword
Harry Potter
Marvel
Soccer
WWE
Pokémon
Country
The Office
Song
NFL
Puzzle
hide this ad
More By:
RareJer
Quiz
Plays
Rating
Category
Featured
Created
Morrowind Trivia
526
4.00
Gaming
Dec 14, 2010
Go to Creator's Profile
Score Distribution
Quiz Creator Spotlight
RareJer
Follow
Send a Message
Quizzes Created
-
Created Quiz Play Count
-
More By This Creator
Popular Quizzes Today
1
Colored Red Africa Blitz
2
Find the 'City' Movie
3
Find the US States - No Outlines Minefield
4
5x2 Blitz: Bands
5
The Countries of the World
6
Find the US States
7
Find the Countries of Europe - No Outlines Minefield
8
US States
More Gaming Quizzes
Video Games Missing 'B' Words
Published
Trending Quizzes
Colored Red Europe Blitz I
Colored Red Europe Blitz II
Colored Red Africa Blitz II
Colored Red Europe Blitz III
Colored Red Africa Blitz III
Recently Updated
How Do You Spell That?
pecheneg
Godzilla Movies
pecheneg
Grab Bag: 4-10 Letters
pecheneg
2024 March Madness Bracket
pecheneg
Famous TV Couples
Peacemaker
Champions League XIs: Real Madrid
pecheneg
Largest US Cities 1790-2010
pecheneg
Rides in Walt Disney World
pecheneg
Most Oscar Losses (Acting)
pecheneg
Beyoncé Albums
pecheneg
Trending Topics
Marvel
NBA
Kpop
Anime
Disney
Crossword
Harry Potter
NFL
Soccer
Puzzle
Song
Pokémon
WWE
Country
The Office
Your Account Isn't Verified!
In order to create a playlist on Sporcle, you need to verify the email address you used during registration. Go to your
Sporcle Settings
to finish the process.
Report this User
Report this user for behavior that violates our
Community Guidelines
.
Details:
Send Report
Go to the Sporcle.com Mobile Site →
Comments